|
|
|
|
| LEADER |
01594nam a2200397 a 4500 |
| 001 |
000254877 |
| 003 |
CZ BrMZK |
| 005 |
20190805092822.0 |
| 007 |
ta |
| 008 |
960815s1997 xr f ger d |
| 015 |
|
|
|a cnb000213546
|
| 020 |
|
|
|a 80-86971-80-5
|q (Albis international ;
|q v knize neuvedeno ;
|q brož.)
|z 80-86067-04-1
|
| 035 |
|
|
|a (OCoLC)39580807
|
| 040 |
|
|
|a ABA001
|b cze
|d BOA001
|
| 043 |
|
|
|a e-xr---
|a e-gx---
|
| 045 |
|
|
|a w4x5
|
| 072 |
|
7 |
|a 930
|x Historická věda. Pomocné vědy historické. Archivnictví
|2 Konspekt
|9 8
|
| 080 |
|
|
|a 930
|2 undef
|
| 080 |
|
|
|a 943.71/.72
|2 undef
|
| 245 |
0 |
4 |
|a Die böhmischen Länder in der deutschen Geschichtsschreibung seit dem Jahre 1848 :
|b Vorträge des 3. Aussiger Kolloquiums in Aussig vom 25. bis 26. April 1996.
|n Teil II
|
| 250 |
|
|
|a Vyd. 1.
|
| 260 |
|
|
|a Ústí nad Labem :
|b Albis international,
|c 1997
|
| 300 |
|
|
|a 159 s. ;
|c 21 cm
|
| 490 |
1 |
|
|a Acta Universitatis Purkynianae. Slavogermanica ;
|v 6
|
| 500 |
|
|
|a Zkratky
|
| 500 |
|
|
|a 400 výt.
|
| 500 |
|
|
|a Poznámky
|
| 504 |
|
|
|a Obsahuje bibliografické odkazy
|
| 650 |
0 |
7 |
|a historiografie
|7 ph114672
|z Německo
|2 czenas
|
| 651 |
|
7 |
|a Česko
|7 ge128065
|x dějiny
|x historiografie
|2 czenas
|
| 655 |
|
7 |
|a sborníky
|7 fd163935
|2 czenas
|
| 710 |
2 |
|
|a Univerzita J.E. Purkyně v Ústí nad Labem.
|b Ústav slovansko-germánských studií
|7 kn20010709360
|
| 830 |
|
0 |
|a Acta Universitatis Purkynianae.
|p Slavogermanica
|0 s
|
| 910 |
|
|
|a BOA001
|b 2-1020.050,2
|
| 990 |
|
|
|a BK
|
| 996 |
6 |
|
|b 2610061644
|c 2-1020.050,2
|l MZK
|r Sklad / do 1 hodiny
|n 17
|p p.v.
|w 000254877
|u 000010
|a 1
|e BOA001
|j MZK50
|s P
|